Statistics for Country Intelligence Agencies Quiz

Click here to take the quiz!

General Stats

  • This quiz has been taken 85 times
  • The average score is 10 of 13

Answer Stats

AgencyCountry% Correct
CIAUnited States
99%
MI6United Kingdom
97%
DGSEFrance
90%
BNDGermany
90%
SVR RFRussia
88%
ASISAustralia
83%
MSSChina
83%
CSISCanada
82%
RAWIndia
77%
PSIAJapan
72%
AISEItaly
65%
ABINBrazil
62%
GIPSaudi Arabia
36%

Score Distribution

Percentile by Number Answered

Percent of People with Each Score

Your Score History

You have not taken this quiz